| Tag |
First Indicator |
Second Indicator |
Subfields |
| LEADER |
00000cam a2200000 a 4500 |
| 001 |
in00000103475 |
| 005 |
20150929180430.0 |
| 008 |
780221s1976 dcub b f00010 eng d |
| 035 |
|
|
|a (OCoLC)03656155
|
| 035 |
|
|
|9 AAN2698AM
|
| 040 |
|
|
|a BAL
|c BAL
|d m.c.
|d TXA
|d UtOrBLW
|
| 043 |
|
|
|a n-us-md
|
| 049 |
|
|
|a TXAM
|c [1656015]
|
| 090 |
|
|
|a HD7304 B2
|b C47 1976
|
| 100 |
1 |
|
|a Chatterjee, Lata R.
|
| 245 |
1 |
0 |
|a FHA policies and the Baltimore city housing market :
|b Baltimore Urban Observatory /
|c by Lata Chatterjee, David Harvey, Lawrence Klugman.
|
| 264 |
|
1 |
|a [Washington, D.C.?] :
|b National League of Cities,
|c 1976.
|
| 300 |
|
|
|a 131 pages in various pagings :
|b maps ;
|c 28 cm.
|
| 336 |
|
|
|a text
|b txt
|2 rdacontent
|
| 337 |
|
|
|a unmediated
|b n
|2 rdamedia
|
| 338 |
|
|
|a volume
|b nc
|2 rdacarrier
|
| 490 |
1 |
|
|a NLC urban observatory research report ;
|v no. 14
|
| 500 |
|
|
|a "Reprinted by the National League of Cities for Office of Policy Development and Research, Dept. of Housing and Urban Development."
|
| 504 |
|
|
|a Bibliography: page 6.17-6.18 (Section 6).
|
| 610 |
1 |
0 |
|a United States.
|b Federal Housing Administration.
|
| 650 |
|
0 |
|a Housing
|z Maryland
|z Baltimore.
|
| 700 |
1 |
|
|a Harvey, David.
|
| 700 |
1 |
|
|a Klugman, Lawrence.
|
| 710 |
2 |
|
|a National League of Cities.
|
| 830 |
|
0 |
|a NLC Urban Observatory research report ;
|v no. 14.
|
| 999 |
|
|
|a MARS
|
| 999 |
f |
f |
|s 3d2023c1-71a2-36cf-afd3-5120b3ebc6b2
|i ec323750-33d3-354e-93c3-58ebff3baf8e
|t 0
|
| 952 |
f |
f |
|p ric
|a Texas A&M University
|b Rellis Campus
|c Joint Library Facility
|d Remote Storage
|t 0
|e HD7304 B2 C47 1976
|h Library of Congress classification
|i unmediated -- volume
|m A14806276753
|
| 998 |
f |
f |
|a HD7304 B2 C47 1976
|t 0
|l Remote Storage
|